000
00285nam a22001337a 4500
008
170630b xxu||||| |||| 00| 0 eng d
020
_a
9780684193564
041
_a
eng
080
_a
82
100
_a
22
101
_a
GJL
245
_a
AMERICAN WRITERS
_c
BAECHLER,L
942
_2
udc
_c
BK
999
_c
19766
_d
19766